000 00284 a2200097 4500
020 _a9789364872126
100 _aSatchidanandan
245 _aRandu natakangal uppu guru(രണ്ട് നാടകങ്ങൾ ഉപ്പ്, ഗുരു)
260 _bD C books
_c2025
942 _cOO
999 _c115266
_d115265